Kto dostáva slovo v diskusii o klimatickej zmene?
Takmer polovica Európanov a Európaniek považuje klimatickú zmenu za zásadnú hrozbu pre spoločnosť. Pritom je podľa obyvateľstva rôznych štátov zároveň najvýznamnejšou hrozbou. Až v trinástich z 26 krajín sa umiestnila najvyššie spomedzi hrozieb, nasledovaná hrozbou militantného islamizmu a počítačov...
Guardado en:
| Autor principal: | |
|---|---|
| Formato: | Capítulo de libro |
| Lenguaje: | eslovaco |
| Materias: | |
| Etiquetas: |
Sin Etiquetas, Sea el primero en etiquetar este registro!
|
MARC
| LEADER | 00000naa$a2200000$$$4500 | ||
|---|---|---|---|
| 001 | 0290922 | ||
| 005 | 20240417075225.0 | ||
| 041 | 0 | |a slo | |
| 044 | |a SK | ||
| 245 | 1 | 0 | |a Kto dostáva slovo v diskusii o klimatickej zmene? |c Tomáš Imrich Profant |
| 520 | |a Takmer polovica Európanov a Európaniek považuje klimatickú zmenu za zásadnú hrozbu pre spoločnosť. Pritom je podľa obyvateľstva rôznych štátov zároveň najvýznamnejšou hrozbou. Až v trinástich z 26 krajín sa umiestnila najvyššie spomedzi hrozieb, nasledovaná hrozbou militantného islamizmu a počítačovými útokmi. | ||
| 610 | 2 | 0 | |a zmeny klimatické |
| 610 | 2 | 0 | |a obyvateľstvo |
| 610 | 2 | 0 | |a ekológia |
| 610 | 2 | 0 | |a prostredie životné |
| 100 | 1 | |a Profant, Tomáš Imrich, 1983- | |